000 00499nam a2200181Ia 4500
003 GCL
008 140319s9999 xx 000 0 eng d
040 _aGCL /
_cGCL
082 0 4 _a428
_bG E
100 1 _aGOODALE, MALCOLM
245 1 0 _aENGLISH DICTIONARY WORKBOOK /
_cGOODALE, MALCOLM
260 _a[S.N] :
_bHARPER COLLINS COLLEGE PUBLISBERS ،
_c1995
300 _a48
650 0 4 _aENGLISH LANGUAGE - GRAMMAR
650 0 4 _aENGLISH LANGUAGE
650 0 4 _aSTUDY AND LEARNING
942 _2ddc
_cBK
999 _c25507
_d25507